The art of proof : basic training for deeper mathematics

Αποθηκεύτηκε σε:
Λεπτομέρειες βιβλιογραφικής εγγραφής
Κύριος συγγραφέας: Beck, Matthias
Άλλοι συγγραφείς: Geoghegan, Ross 1963-
Μορφή: Βιβλίο
Γλώσσα:English
Δημοσίευση: London : Springer, c2010
Σειρά:Undergraduate texts in mathematics
Θέματα:
Ετικέτες: Προσθήκη ετικέτας
Δεν υπάρχουν, Καταχωρήστε ετικέτα πρώτοι!

MARC

LEADER 00000nam a2200000 i 4500
001 1/12783
008 110404s2010 eng d
020 |a 978-1-4419-7022-0 
035 |l 10109921 
040 |a GR-MY-UA  |b gre  |e aacr 
041 0 |a eng 
082 0 |a 510  |2 (22) 
100 1 |a Beck, Matthias. 
245 1 4 |a The art of proof :  |b basic training for deeper mathematics /  |c Matthias Back, Ross Geoghegan 
260 |a London :   |b Springer,   |c c2010 
300 |a xxi, 182 σ.;  |b σχέδια;  |c 26 εκ. 
490 1 |a Undergraduate texts in mathematics 
504 |a Ευρετήριο: σ.179-182 
650 0 0 |a Proof theory. 
650 0 0 |a Mathematics  |x Study and teaching. 
700 1 |a Geoghegan, Ross  |d 1963- . 
830 0 |a Undergraduate texts in mathematics 
852 |a INST  |b CHIOS  |e 20110404  |h 510 BEC  |p 005200031267  |q 005200031267  |t BK  |y 0 
901 |a BIBL2-2011-1 
909 |a Χ  |b 166819 
922 |a 2ΕΛΗ  |b 201011  |c ΤΑΚ/ΤΔΕ  |d ΜΙΧΑΛΟΠΟΥΛΟΣ 
970 |a ΣΠΕΝΤΖΑ  |b ΕΛΕΝΗ  |z 2011/04/04